Animal tracks / (Record no. 7778)

MARC details
000 -LEADER
fixed length control field 00870nam a22002777a 4500
001 - CONTROL NUMBER
control field 7778
003 - CONTROL NUMBER IDENTIFIER
control field FISKH
005 - DATE AND TIME OF LATEST TRANSACTION
control field 20250806083500.0
008 - FIXED-LENGTH DATA ELEMENTS--GENERAL INFORMATION
fixed length control field 250806b cb ||||| |||| 00| 0 eng d
020 ## - INTERNATIONAL STANDARD BOOK NUMBER
International Standard Book Number 9780590433662
040 ## - CATALOGING SOURCE
Original cataloging agency FISKH
Language of cataloging eng
Transcribing agency FISKH
Modifying agency FISKH
050 ## - LIBRARY OF CONGRESS CALL NUMBER
Classification number QL768 .D67
082 ## - DEWEY DECIMAL CLASSIFICATION NUMBER
Classification number 591
100 ## - MAIN ENTRY--PERSONAL NAME
Personal name Dorrors, Arthur
245 ## - TITLE STATEMENT
Title Animal tracks /
Statement of responsibility, etc. Written and illustrated by Arthur Dorros
260 ## - PUBLICATION, DISTRIBUTION, ETC.
Place of publication, distribution, etc. New York :
Name of publisher, distributor, etc. Scholastic ,
Date of publication, distribution, etc. 1991.
300 ## - PHYSICAL DESCRIPTION
Extent 30 unnumbered pages :
Other physical details color illustrations ;
Dimensions 21 X26 cm .
505 ## - FORMATTED CONTENTS NOTE
Formatted contents note M <br/>
520 ## - SUMMARY, ETC.
Summary, etc. Introduces the tracks and signs left by various animals, including the raccoon, duck, frog, black bear, and human.
521 8# - TARGET AUDIENCE NOTE
Target audience note 540 <br/>
Source Lexile <br/>
521 8# - TARGET AUDIENCE NOTE
Target audience note M <br/>
Source Raz-Plus <br/>
650 ## - SUBJECT ADDED ENTRY--TOPICAL TERM
Topical term or geographic name entry element Animal tracks
Form subdivision Non-fiction
700 ## - ADDED ENTRY--PERSONAL NAME
Personal name DiVito, Anna
Relator term Designer
942 ## - ADDED ENTRY ELEMENTS (KOHA)
Source of classification or shelving scheme Dewey Decimal Classification
Koha item type Books
Suppress in OPAC No
Holdings
Withdrawn status Lost status Source of classification or shelving scheme Damaged status Not for loan Collection Home library Current library Shelving location Date acquired Total Checkouts Full call number Barcode Date last seen Price effective from Koha item type
    Dewey Decimal Classification     Non-Fiction Footprints International School Library Network Toul Tom Poung Campus Footprints International School Library Network Toul Tom Poung Campus TTP Primary Yellow Bookshelves 08/06/2025   DOR 591 QL768 .D67 FIS01608 08/06/2025 08/06/2025 Books